00718nam a22001937a 45000010005000000030004000050050017000090080041000260400018000670500016000851000032001012450148001332460057002812500019003382600073003573000044004305000021004745040029004952720HMS20250901155621.0250901e1998 cl a|||frnt|| 001 0 spa  ahmsbspachms04aWV100bD5371 aDiamante, Vicente Guillermo10aHueso temporal :bAnatomía quirúrgica aplicada a la microcirugía /cProfesor Vicente Guillermo Diamante, Eduardo Rubén Sastreh[libro]30aAnatomía quirúrgica aplicada a la microcirugía a1ª edición  aArgentina :bFacultad de Medicina Universidad de Buenos Aires,c1998 a87 páginas :bilustraciones ;c22 cm. aIncluye índice aIncluye bibliografías